Statistics for Fast Typing Foods

Click here to take the quiz!

General Stats

  • This quiz has been taken 14,967 times
  • The average score is 15 of 22

Answer Stats

HintAnswer% Correct
PiePie
99%
TacoTaco
93%
ChocolateChocolate
92%
TomatoTomato
89%
PizzaPizza
88%
AvocadoAvocado
81%
Hot dogHot dog
79%
HamburgerHamburger
78%
CookieCookie
77%
ChickenChicken
73%
SteakSteak
69%
CerealCereal
67%
CheeseCheese
63%
SpaghettiSpaghetti
63%
WaffleWaffle
60%
PorkPork
59%
BreadBread
45%
EggsEggs
45%
Peanut ButterPeanut Butter
41%
BaconBacon
39%
PotatoPotato
34%
PancakesPancakes
26%

Score Distribution

Percentile by Number Answered

Percent of People with Each Score

Your Score History

You have not taken this quiz